Oral Surgery, Oral Medicine, Oral Pathology, Oral Radiology (Record no. 37364)

MARC details
000 -LEADER
fixed length control field 00449nam a2200145Ia 4500
022 ## - INTERNATIONAL STANDARD SERIAL NUMBER
ISSN 2214-4403
050 ## - CALL MARK
Classification number RK300 .O73
245 ## - TITLE STATEMENT
Title Oral Surgery, Oral Medicine, Oral Pathology, Oral Radiology
250 ## - EDITION / VOLUME STATEMENT
Edition / Volume statement Vol. 140, No. 7
260 ## - PUBLICATION, DISTRIBUTION, ETC. (IMPRINT)
Place of publication New York/London
Name of publisher Elsevier
Year of publication 2025
300 ## - PHYSICAL DESCRIPTION
Number of Pages : ill. ; 28 cm.
650 ## - SUBJECT ADDED ENTRY--TOPICAL TERM
Topical Term Dentistry, Oral Surgery & Medicine, Oral Pathology, Oral Radiology---periodicals
942 ## - ADDED ENTRY ELEMENTS (KOHA)
Koha item type Serials
Source of classification Library of Congress Classification

No items available.